| 000 | 00556cam a2200181 a 4500 | ||
|---|---|---|---|
| 001 | 671449 | ||
| 005 | 20250628105652.0 | ||
| 008 | 950614s1995 mnu b 001 0 eng | ||
| 020 | _a0800627334 (alk. paper) | ||
| 050 | 0 | 0 |
_aBS1430.2 _b.B783 1995 |
| 082 | 0 | 0 |
_a223/.206 _220 |
| 100 | 1 | _aBrueggemann, Walter. | |
| 245 | 1 | 4 |
_aThe psalms and the life of faith / _cWalter Brueggemann ; edited by Patrick D. Miller. |
| 260 |
_aMinneapolis : _bFortress Press, _cc1995. |
||
| 300 |
_axviii, 292 p. ; _c22 cm. |
||
| 700 | 1 | _aMiller, Patrick D. | |
| 942 |
_2lcc _cBK _n0 |
||
| 999 |
_c6756 _d6756 |
||